| 000 | 00818nam a22002537i 4500 | ||
|---|---|---|---|
| 999 |
_c175165 _d175165 |
||
| 003 | OSt | ||
| 005 | 20191203161441.0 | ||
| 008 | 191203s2018 my ||||gr|||| 000 0 may d | ||
| 020 |
_a9789671481202 _cRM 28.00 _qpaperback |
||
| 040 |
_aPPAK _beng _cPPAK _erda |
||
| 082 | 0 | 4 |
_223 _a158.1 |
| 090 | 0 | 0 |
_a158.1 _bNOR _dG |
| 100 | 0 |
_aNorliza Kushairi, _cDr., _d1969- _eauthor. |
|
| 245 | 1 | 0 |
_aAKU BUKAN LIABILITI : _bMotivasi dan Pedoman Berjuang di Medan Ilmu / _cNORLIZA KUSHAIRI |
| 264 | 1 |
_aKlang, Selangor : _bMZ Edu Publications, $c [2017?] _c2018 |
|
| 300 |
_axv, 125 pages ; _c20 cm |
||
| 336 |
_2rdacontent _atext |
||
| 337 |
_2rdamedia _aunmediated |
||
| 338 |
_2rdacarrier _avolume |
||
| 650 | 1 | 0 | _aSelf-actualization (Psychology) |
| 650 | 1 | 0 | _aMotivation (Psychology) |
| 650 | 1 | 0 | _aSuccess |
| 942 |
_2ddc _cB |
||